| Tag |
First Indicator |
Second Indicator |
Subfields |
| LEADER |
00000cgm a22000003a 4500 |
| 001 |
in00003749430 |
| 006 |
m|||||o||c|||||||| |
| 007 |
cr |n||||||||a |
| 007 |
vz |za|z| |
| 008 |
150331s2003 nyu012 e |o vleng d |
| 005 |
20260324205827.7 |
| 035 |
|
|
|a (OCoLC)908562406
|
| 035 |
|
|
|a (VaAlASP)ASP2780514/cbsv
|
| 040 |
|
|
|a VaAlASP
|c VaAlASP
|d UtOrBLW
|
| 050 |
|
4 |
|a DK295
|b .M568 2003
|
| 245 |
0 |
0 |
|a 60 minutes.
|p Find the gun [ballistics] /
|c produced by Mitch Weitzner.
|
| 246 |
1 |
0 |
|a Find the gun
|
| 246 |
1 |
3 |
|a Sixty minutes.
|p Find the gun
|
| 264 |
|
1 |
|a New York, NY :
|b Columbia Broadcasting System,
|c 2003.
|
| 300 |
|
|
|a 1 online resource (12 min.)
|
| 306 |
|
|
|a 001229
|
| 336 |
|
|
|a two-dimensional moving image
|b tdi
|2 rdacontent
|
| 337 |
|
|
|a computer
|b c
|2 rdamedia
|
| 337 |
|
|
|a video
|b v
|2 rdamedia
|
| 338 |
|
|
|a online resource
|b cr
|2 rdacarrier
|
| 338 |
|
|
|a other
|b vz
|2 rdacarrier
|
| 520 |
|
|
|a Morley Safer investigates the development of a database that will help police trace cartridges back to the guns to which they belong and their owners.
|
| 546 |
|
|
|a In English.
|
| 500 |
|
|
|a Electronic resource.
|
| 650 |
|
0 |
|a Firearms
|x Identification.
|0 http://id.loc.gov/authorities/subjects/sh85048536
|
| 650 |
|
0 |
|a Forensic ballistics
|z United States.
|
| 651 |
|
7 |
|a United States.
|0 (OCoLC)1204155
|2 fast
|
| 651 |
|
7 |
|a France
|z Paris.
|0 (OCoLC)1205283
|2 fast
|
| 655 |
|
7 |
|a Internet videos.
|2 lcgft
|0 http://id.loc.gov/authorities/genreForms/gf2011026337
|
| 655 |
|
7 |
|a Television news programs.
|2 lcgft
|0 http://id.loc.gov/authorities/genreForms/gf2011026667
|
| 700 |
1 |
|
|a Safer, Morley,
|e reporter.
|0 http://id.loc.gov/authorities/names/n81036623
|
| 700 |
1 |
|
|a Weitzner, Mitch,
|e producer.
|0 http://id.loc.gov/authorities/names/no00083757
|
| 710 |
2 |
|
|a CBS News,
|e production company.
|0 http://id.loc.gov/authorities/names/n82221065
|
| 856 |
4 |
0 |
|u http://proxy.library.tamu.edu/login?url=https://www.aspresolver.com/aspresolver.asp?CBSV;2780514
|z Connect to this streaming video (Alexander Street Press)
|t 0
|
| 999 |
f |
f |
|s 53b9bc22-f813-3253-a1b3-5e6f1a2ca651
|i a41f2a97-7fb0-310d-9c51-f32056fa16db
|t 0
|
| 952 |
f |
f |
|a Texas A&M University
|b College Station
|c Electronic Resources
|s www_evans
|d Available Online
|t 0
|e DK295 .M568 2003
|h Library of Congress classification
|
| 998 |
f |
f |
|a DK295 .M568 2003
|t 0
|l Available Online
|